Introduction to machine learning / (Record no. 2298)

000 -LEADER
fixed length control field 01439cam a2200301 i 4500
001 - CONTROL NUMBER
control field 18083265
003 - CONTROL NUMBER IDENTIFIER
control field OSt
005 - DATE AND TIME OF LATEST TRANSACTION
control field 20160706120610.0
008 - FIXED-LENGTH DATA ELEMENTS--GENERAL INFORMATION
fixed length control field 140327s2014 maua b 001 0 eng
010 ## - LIBRARY OF CONGRESS CONTROL NUMBER
LC control number 2014007214
020 ## - INTERNATIONAL STANDARD BOOK NUMBER
International Standard Book Number 9780262028189 (hardcover)
020 ## - INTERNATIONAL STANDARD BOOK NUMBER
International Standard Book Number 0262028182 (hardcover)
040 ## - CATALOGING SOURCE
Original cataloging agency DLC
Language of cataloging eng
Transcribing agency DLC
Description conventions rda
042 ## - AUTHENTICATION CODE
Authentication code pcc
050 00 - LIBRARY OF CONGRESS CALL NUMBER
Classification number Q325.5.A46 2014
082 00 - DEWEY DECIMAL CLASSIFICATION NUMBER
Classification number 006.3/1
Edition number 23
100 1# - MAIN ENTRY--PERSONAL NAME
Personal name Alpaydin, Ethem,
Relator term author.
245 10 - TITLE STATEMENT
Title Introduction to machine learning /
Statement of responsibility, etc Ethem Alpaydin.
250 ## - EDITION STATEMENT
Edition statement Third edition.
300 ## - PHYSICAL DESCRIPTION
Extent xxii, 613 pages :
Other physical details illustrations ;
Dimensions 24 cm.
490 0# - SERIES STATEMENT
Series statement Adaptive computation and machine learning
504 ## - BIBLIOGRAPHY, ETC. NOTE
Bibliography, etc Includes bibliographical references (page 203) and index.
505 0# - FORMATTED CONTENTS NOTE
Formatted contents note Introduction -- Supervised learning -- Bayesian decision theory -- Parametric methods -- Multivariate methods -- Dimensionality reduction -- Clustering -- Nonparametric methods -- Decision trees -- Linear discrimination -- Multilayer perceptrons -- Local models -- Kernel machines -- Graphical models -- Hidden markov models -- Bayesian estimation -- Combining multiple learners -- Reinforcement learning -- Design and analysis of machine learning experiments.
650 #0 - SUBJECT ADDED ENTRY--TOPICAL TERM
Topical term or geographic name as entry element Machine learning.
906 ## - LOCAL DATA ELEMENT F, LDF (RLIN)
a 7
b cbc
c orignew
d 1
e ecip
f 20
g y-gencatlg
942 ## - ADDED ENTRY ELEMENTS (KOHA)
Source of classification or shelving scheme
Koha item type Book
Holdings
Withdrawn status Lost status Source of classification or shelving scheme Damaged status Not for loan Home library Current library Shelving location Date acquired Total Checkouts Full call number Barcode Date last seen Copy number Price effective from Koha item type
          Riara University Library Riara University Library General stack 06/07/2016   Q325.5.A46 2014 7590/16 06/07/2016 C.1 06/07/2016 Book
          Riara University Library Riara University Library General stack 06/07/2016   Q325.5.A46 2014 7591/16 06/07/2016 C.2 06/07/2016 Book

Riara University Library,
P.O. Box 49940-00100,
Nairobi, Kenya.